| 000 | 00483nam a2200217Ia 4500 | ||
|---|---|---|---|
| 005 | 20251020182558.0 | ||
| 008 | 200515s9999 xx 000 0 und d | ||
| 082 | _aSC/331(058)/036/1982 | ||
| 110 | _aOIT | ||
| 245 | 0 | _aAnuario de estadísticas del trabajo 1982 | |
| 250 | _a42a ed. | ||
| 260 | _aGinebra | ||
| 260 | _c1982 | ||
| 300 | _a760 | ||
| 650 | _aDESEMPLEO | ||
| 650 | _aEMPLEO | ||
| 650 | _aPOBLACION | ||
| 650 | _aPUB OIT | ||
| 650 | _aSALARIOS | ||
| 942 | _cLIB | ||
| 999 |
_c2973 _d2973 |
||